Key Issues in Jurisprudence (Record no. 26)

MARC details
000 -LEADER
fixed length control field 00425nam a2200169 4500
003 - CONTROL NUMBER IDENTIFIER
control field OSt
005 - DATE AND TIME OF LATEST TRANSACTION
control field 20230602085754.0
008 - FIXED-LENGTH DATA ELEMENTS--GENERAL INFORMATION
fixed length control field 230602b xxu||||| |||| 00| 0 eng d
020 ## - INTERNATIONAL STANDARD BOOK NUMBER
International Standard Book Number 9966151124
040 ## - CATALOGING SOURCE
Transcribing agency 0
082 ## - DEWEY DECIMAL CLASSIFICATION NUMBER
Edition number 340.11OMO
100 ## - MAIN ENTRY--PERSONAL NAME
Titles and words associated with a name OMONY JOHN PAUL
245 ## - TITLE STATEMENT
Title Key Issues in Jurisprudence
Remainder of title An In-depth discourse on jurisprudence Problems
260 ## - PUBLICATION, DISTRIBUTION, ETC. (IMPRINT)
Place of publication, distribution, etc. Nairobi, Kenya
300 ## - PHYSICAL DESCRIPTION
Extent xxiv,234p
942 ## - ADDED ENTRY ELEMENTS (KOHA)
Source of classification or shelving scheme Dewey Decimal Classification
Koha item type Books
Holdings
Withdrawn status Lost status Source of classification or shelving scheme Damaged status Not for loan Home library Current library Date acquired Total Checkouts Full call number Barcode Date last seen Price effective from Koha item type
    Dewey Decimal Classification     Bunge Tower Library Bunge Tower Library 06/02/2023   340.11 OMO 20220039 06/02/2023 06/02/2023 Books
    Dewey Decimal Classification     Bunge Tower Library Bunge Tower Library 06/02/2023   340.11 OMO 20220040 06/02/2023 06/02/2023 Books
    Dewey Decimal Classification     Bunge Tower Library Bunge Tower Library 06/02/2023   340.11 OMO 20220036 06/02/2023 06/02/2023 Books
    Dewey Decimal Classification     Bunge Tower Library Bunge Tower Library 06/02/2023   340.11 OMO 20220038 06/02/2023 06/02/2023 Books
    Dewey Decimal Classification     Bunge Tower Library Bunge Tower Library 06/08/2023   340.11 OMO 20220037 06/08/2023 06/08/2023 Books
LIBRARY OPENING HOURS

When the Parliament is sitting: 8.00a.m - 7.00p.m or until the house adjourns
Mondays and Fridays and when the House is on Recess:  8.00a.m - 5.00p.m
Closed on Weekends and Public Holidays

Online Public Access Catalog (OPAC)
Website: http://www.parliament.go.ke
Bunge Library: https://libraryir.parliament.go.ke
Contact: library@parliament.go.ke | Tel no: (254-2)2221291 or 2848000 Ext 5043